000 00477nam a2200229Ia 4500
001 067816
003 YMCAF
005 20230512160453.0
008 100717s1978 ||||||||||||||||| ||und|d
020 _a-
024 _a67816
035 _a7279
040 _aYMCAF
_beng
_cIN-KoLT
041 _aeng
100 _aTTP, LAHORE
245 0 _aQUESTION BANK TECHNOLOGY ELECTRICIAN
250 _a-
260 _bLAHORE
_c1978
653 _a-
653 _a-
942 _2ddc
_cBK
999 _c4725
_d4725